| 000 | 00738nam a2200205 i 4500 | ||
|---|---|---|---|
| 001 | 25081 | ||
| 003 | ES-MaACL | ||
| 005 | 20250830063052.0 | ||
| 007 | t| | ||
| 008 | 021220s1965 sp ||||1| spa d | ||
| 100 | 1 |
_aAragó Mitjans, Joaquín María. _922168 |
|
| 245 | 1 | 0 |
_aPsicología religiosa del niño _b: génesis y desarrollo de su religiosidad y moralidad / _cJoaquín Mª Aragó Mitjans. |
| 260 |
_aBarcelona : _bHerder, _c1965. |
||
| 300 |
_a446 p. ; _c22 cm. |
||
| 490 | 1 |
_aBiblioteca "Herder". Sección de Pedagogía ; _v82 |
|
| 650 | 0 | 4 |
_aNiños- _xPsicología. _915554 |
| 830 | 0 | 0 |
_aBiblioteca Herder. _pSección de pedagogía _v82 _9228976 |
| 852 |
_aES-MaACL _jC-30853 _bR.60646 |
||
| 999 |
_c25081 _d25081 |
||